Formula 1 World Champions by First Name - Statistics

General Stats
  • This quiz has been taken 354 times
    165 since last reset
  • The average score is 68 of 74
Answer Stats
Year First Name Last Name % Correct
2020 Lewis Hamilton
99%
2019 Lewis Hamilton
99%
2018 Lewis Hamilton
99%
2017 Lewis Hamilton
99%
2015 Lewis Hamilton
99%
2014 Lewis Hamilton
99%
2008 Lewis Hamilton
99%
2023 Max Verstappen
99%
2022 Max Verstappen
99%
2021 Max Verstappen
99%
2006 Fernando Alonso
98%
2005 Fernando Alonso
98%
1993 Alain Prost
98%
1989 Alain Prost
98%
1988 Alain Prost
98%
1986 Alain Prost
98%
1985 Alain Prost
98%
2004 Michael Schumacher
98%
2003 Michael Schumacher
98%
2002 Michael Schumacher
98%
2001 Michael Schumacher
98%
2000 Michael Schumacher
98%
1995 Michael Schumacher
98%
1994 Michael Schumacher
98%
1991 Ayrton Senna
98%
1990 Ayrton Senna
98%
1984 Niki Lauda
97%
1977 Niki Lauda
97%
1975 Niki Lauda
97%
2016 Nico Rosberg
97%
1982 Keke Rosberg
97%
2013 Sebastian Vettel
97%
2012 Sebastian Vettel
97%
2011 Sebastian Vettel
97%
2010 Sebastian Vettel
97%
2009 Jenson Button
96%
1987 Nelson Piquet
96%
1983 Nelson Piquet
96%
1981 Nelson Piquet
96%
2007 Kimi Räikkönen
96%
1999 Mika Häkkinen
93%
1998 Mika Häkkinen
93%
1996 Damon Hill
93%
1968 Graham Hill
93%
1962 Graham Hill
93%
1961 Phil Hill
93%
1957 Juan Manuel Fangio
91%
1956 Juan Manuel Fangio
91%
1955 Juan Manuel Fangio
91%
1954 Juan Manuel Fangio
91%
1951 Juan Manuel Fangio
91%
1992 Nigel Mansell
91%
1997 Jacques Villeneuve
90%
1973 Jackie Stewart
88%
1971 Jackie Stewart
88%
1969 Jackie Stewart
88%
1974 Emerson Fittipaldi
86%
1972 Emerson Fittipaldi
86%
1976 James Hunt
84%
1978 Mario Andretti
80%
1966 Jack Brabham
80%
1960 Jack Brabham
80%
1959 Jack Brabham
80%
1950 Giuseppe Farina
80%
1965 Jim Clark
79%
1963 Jim Clark
79%
1953 Alberto Ascari
78%
1952 Alberto Ascari
78%
1980 Alan Jones
77%
1979 Jody Scheckter
74%
1970 Jochen Rindt
72%
1958 Mike Hawthorn
71%
1967 Denny Hulme
70%
1964 John Surtees
69%
No matching quizzes found
Score Distribution
Percent of People with Each Score
Percentile by Number Answered
Your Score History
You have not taken this quiz since the last reset